01270 a2200193 45000010006000000050017000060080041000230030015000640400040000790800045001192450102001640200022002662640033002883000019003215050611003400410008009511000022009598560095009814111720260407155705.0260407a2007 arg spa dAR-UNSa-BCEJYS aAR-UNSa-BCEJYSbspacAR-UNSa-BCEJYS a347.51xResponsabilidad civil en general10aResponsabilidad civil del sujeto controlante por los daños ocasionados a la sociedad controlada a978-950-894-648-5 1aBuenos Aires :bAD-HOCc2007 a263 p.c23 cm. a1. Introducción - 2. El precedente - 3. Presupuestos generales de la responsabilidad civil - 4. Aproximación a la responsabilidad civil por los daños ocasionados en la actividad comercial - 5. La socidad comercial. La personalidad jurídica. La responsabilidad del ente societario - 6. El grupo societario - 7. El control societario y la influencia dominante - 8. Responsabilidad civil del sujeto controlante por los daños causados a la sociedad controlada en el marco de la relación de control societario - 9. Responsabilidad de los administradores de la sociedad controlante - 10. Conclusión aspa1 aBoretto, Mauricio41uhttps://biblioeco.unsa.edu.ar/pmb/images/libros/L126376.jpgyImagen de portadaqimage/jpeg